| 000 | 00749nam a2200289Ia 4500 | ||
|---|---|---|---|
| 008 | 171025s9999 xx 000 0 und d | ||
| 020 | _a9780545851848 | ||
| 050 | _a355 | ||
| 050 | _bC157 2015 | ||
| 100 | _aCallery, Sean | ||
| 245 | _aWarriors : | ||
| 245 | _bthe greatest fighters in history / | ||
| 245 | _cby Sean Callery. | ||
| 260 | _aNew York : | ||
| 260 | _bScholastic, | ||
| 260 | _c2015 | ||
| 300 | _a80 pages : | ||
| 300 | _bcolored illustrations ; | ||
| 300 | _c27cm. | ||
| 500 | _aIncludes glossary and index. | ||
| 650 | _aMilitary art and sciences -- | ||
| 650 | _aMilitary art and sciences. | ||
| 650 | _aWeapons -- | ||
| 650 | _xJuvenile literature. | ||
| 650 | _xJuvenile literature. | ||
| 700 | _aTitle. | ||
| 999 |
_c344864 _d344864 |
||